Oddziaływanie cieplnego promieniowania środowiska zewnętrznego na budynek / (Rekord nr 37797)
| 000 -ETYKIETA REKORDU | |
|---|---|
| podpole kontrolne o stałej długości | 01181nam a2200253 i 4500 |
| 001 - NUMER KONTROLNY REKORDU | |
| pole kontrolne | bg |
| 040 ## - ŹRÓDŁO KATALOGOWANIA | |
| Instytucja, która utworzyła rekord | BPK |
| 041 0# - KOD JĘZYKA | |
| Kod języka tekstu | pl |
| Kod języka streszczenia lub abstraktu | en |
| 080 ## - UNIWERSALNA KLASYFIKACJA DZIESIĘTNA - UKD | |
| UKD | 624.01/.07:536:519.86 |
| 008 - POLE O STAŁEJ DŁUGOŚCI - DANE KONTROLNE | |
| podpole kontrolne o stałej długości | s pl f |000 0 pol |
| 100 1# - NAZWA OSOBOWA | |
| Nazwa osobowa | NOWAK, Henryk |
| 245 10 - TYTUŁ/ODPOWIEDZIALNOŚĆ | |
| Tytuł | Oddziaływanie cieplnego promieniowania środowiska zewnętrznego na budynek / |
| Pozostałe elementy strefy tytułu i oznaczenia odpowiedzialności | Henryk Nowak. |
| 260 ## - STREFA ADRESU WYDAWNICZEGO | |
| Miejsce wydania | Wrocław : |
| Nazwa wydawcy/dystrybutora | Oficyna Wydawnicza PW, |
| Data publikacji, dystrybucji/powstania dokumentu | 1999. |
| 300 ## - STREFA OPISU FIZYCZNEGO | |
| Objętość | 196 s. : |
| Inne cechy fizyczne | rys., wykr. (w tym kolor.) ; |
| Rozmiary | 24 cm. |
| 490 1# - STREFA SERII I DOKUMENTU WIELOCZĘŚCIOWEGO - FORMA NIE DO WYSZUKIWANIA | |
| Tytuł i oznaczenie odpowiedzialności serii | Prace Naukowe Instytutu Budownictwa Politechniki Wrocławskiej. Monografie = |
| -- | Scientific Papers of the Institute of Building Engineering of the Wrocław University of Technology. Monographs, |
| ISSN | 0324-9875 ; |
| Numeracja w obrębie serii | 31 |
| 500 ## - UWAGI OGÓLNE | |
| Tekst uwagi | Tyt. równol. : Interaction of environmental thermal radiation on the building. - Nr serii gł. : 72. - Streszcz. ang. |
| 504 ## - UWAGA DOTYCZĄCA BIBLIOGRAFII | |
| Informacje o bibliografii | Bibliogr. s. 180-191. |
| 650 #9 - HASŁO PRZEDMIOTOWE W FORMIE NAZWY OGÓLNEJ LUB JEDNOSTKOWEJ | |
| Nazwa ogólna lub geograficzna | Konstrukcje budowlane |
| Określnik ogólny | fizyka |
| -- | badanie |
| 650 #9 - HASŁO PRZEDMIOTOWE W FORMIE NAZWY OGÓLNEJ LUB JEDNOSTKOWEJ | |
| Nazwa ogólna lub geograficzna | Modele matematyczne |
| Określnik ogólny | stosowanie |
| 650 #9 - HASŁO PRZEDMIOTOWE W FORMIE NAZWY OGÓLNEJ LUB JEDNOSTKOWEJ | |
| Nazwa ogólna lub geograficzna | Promieniowanie cieplne |
| Określnik ogólny | pomiary |
| 650 #9 - HASŁO PRZEDMIOTOWE W FORMIE NAZWY OGÓLNEJ LUB JEDNOSTKOWEJ | |
| Nazwa ogólna lub geograficzna | Przewodnictwo cieplne |
| Określnik ogólny | budownictwo |
| 830 #0 - HASŁO DODATKOWE SERII LUB DOKUMENTU WIELOCZĘŚCIOWEGO - TYTUŁ UJEDNOLICONY | |
| Tytuł ujednolicony | Prace Naukowe Instytutu Budownictwa Politechniki Wrocławskiej. |
| Nazwa części/sekcji dzieła | Monografie ; |
| Oznaczenie tomu | 31 |
| 856 ## - LOKALIZACJA I DOSTĘP DO ELEKTRONICZNYCH DOKUMENTÓW ZDALNYCH | |
| Link (URL) | http://koha.tu.koszalin.pl/cgi-bin/koha/opac-detail.pl?biblionumber=37797 |
| Tekst linku | Katalog online BPK |
| 942 ## - DODATKOWE ELEMENTY (KOHA) | |
| Typ dokumentu | Książka |
| Wycofany | Status egzemplarza | Uszkodzony | Dostępność | Lokalizacja stała | Lokalizacja bieżąca | Miejsce przechowywania | Sygnatura | Kod kreskowy | Typ dokumentu |
|---|---|---|---|---|---|---|---|---|---|
| Dostępny | Biblioteka Politechniki Koszalińskiej | Biblioteka Politechniki Koszalińskiej | Wypożyczalnia BG | 54202 | 01509472 | Książka |
